000 01797cam a22005294i 4500
003 PE-LiUPU
005 20250731165640.0
008 150616s r 000 0 d
020 _a0827603312
035 _a(Sirsi) i9780827603318
040 _aPE-LiUPU
_bspa
_cPE-LiUPU
_erda
049 _aPRUA
082 0 4 _a221.077
_bJ
_221
100 1 _aMilgrom, Jacob,
_eautor.
245 1 4 _aThe JPS Torah Commentary Numbers.
_n1 /
_cJacob Milgrom.
264 1 _aPhiladelphia, New York :
_bThe Jewish Publication Society,
_c1989.
300 _a520 páginas ;
_c26 centímetros
336 _atext
_2rdacontent
337 _aunmediated
_2rdamedia
338 _avolume
_2rdacarrier
490 0 _aThe JPS Torah Commentary
504 _aIncluye bibliografía.
505 0 _aComentario al libro de Números Números : biblia.
526 _aSEG44
526 _aSEG26
526 _aP151
526 _aP150
526 _aP149
526 _aP146
526 _aP145
526 _aP126
526 _aP125
526 _aP92
526 _aP75
526 _aP74
526 _aP27
526 _aP15
630 _aBiblia.
_pA.T.
_pNúmeros
_xComentarios.
650 0 4 _a
910 _ajck
_bjvq
_cjck
942 _2ddc
_cBOOK
949 _aRC 221.077 J 1
_wDEWEY
_c1
_i40583
_lCCODEBUL1
_mBUL
_r0
_sY
_tBOOK
_u2015-6-16
_xTEOLOGIA
_zUNKNOWN
_0COMPRA
_o.CIRCNOTE. No olvidar cambiar la fecha de devolución!!!!!!!
_o.STAFF. Colección General
994 _aC0
_bPEPRU
596 _a1
999 _aRC 221.077 J 1
_wDEWEY
_c58367
_i40583
_d58367
_f2021-11-8
_g6
_lCCODEBUL1
_mBUL
_q5
_r1
_sY
_tBOOK
_u2015-6-16
_xTEOLOGIA
_zUNKNOWN
_0COMPRA
_o.CIRCNOTE. No olvidar cambiar la fecha de devolución!!!!!!!
_o.STAFF. Colección General
980 _81
_gALBERTO SANCHEZ Responsable de Automatización